00748nam a2200241Ia 4500003000400000005001700004008004100021020002900062040001700091082001800108100002100126245006800147250001200215260002500227300001400252650002200266650002700288650002000315700002200335942000800357952012600365999001500491IIN20251201114317.0250924s2024 xx 000 0 eng d cRs.475.00a9789354668777 aIINbEnglish a615.1 bSIN1 aSingh, Meharban 1 aDrug Dosages in Childrenc by Meharban Singh & Ashok K. Deorari a11th ed bCBSaNew Delhic2024 axx, 260p.1 aDrugvin Children1 aMedicinevfor Children1 aPediatricvDrug1 aDeorari, Ashok K. cREF 00102ddc4051718PURCHaIINbIINcREFd2025-03-18g475.00l0o615.1 SINp2138r2025-09-24 13:01:33w2025-09-24yREF c1878d1878